00370nam a2200121Ia 4500008004100000082002200041100002700063245011000090260001400200260001000214260000900224365001500233180713s9999 xx 000 0 und d a330.954 C8  a"Chatterjee, Anup " 0aEconomic Survey of India and Its States  aNew Delhi b NCBH c2013 b"2,355.00"